Cerebro y lenguaje
Uloženo v:
| Hlavní autoři: | , |
|---|---|
| Médium: | Kniha |
| Jazyk: | španělština |
| Vydáno: |
Ciudad de México
Trillas
1994
|
| Vydání: | 1a. ed |
| Témata: | |
| Tagy: |
Přidat tag
Žádné tagy, Buďte první, kdo vytvoří štítek k tomuto záznamu!
|
MARC
| LEADER | 00000cam a2200000 a 4500 | ||
|---|---|---|---|
| 001 | UCR3737 | ||
| 003 | CL-VaPUC | ||
| 008 | 980130e19940000MX |||||||||||||||||spa|d | ||
| 020 | |a 9789682447525 | ||
| 082 | 0 | 4 | |a 616.855 |b OST |2 21 |
| 100 | |a Ostrosky-Solís, Feggy |e autora |9 434889 | ||
| 700 | 0 | |a Ardila, Alfredo |e author |9 402974 | |
| 245 | 1 | 0 | |a Cerebro y lenguaje |
| 250 | |a 1a. ed | ||
| 300 | |a 257 p | ||
| 942 | |c BK | ||
| 945 | |d 19980130 00:00:00 |a rleighto | ||
| 260 | |a Ciudad de México |b Trillas |c 1994 | ||
| 650 | 0 | |a Lenguaje |9 265069 | |
| 650 | 0 | |a Psicología |9 257863 | |
| 650 | 0 | |a Neuropsicología |9 270837 | |
| 650 | 0 | |a Cerebro |9 307262 | |
| 650 | 0 | |a Enfermedades |9 263059 | |
| 650 | 0 | |a Cognición |9 270347 | |
| 583 | |a last modification |c 20170310 05:46:00 |k Rodrigo Vera | ||
| 999 | |c 266771 |d 266769 | ||
| 952 | |0 0 |1 0 |4 0 |6 616_855000000000000_OST_1994 |7 0 |8 A |9 298677 |a FDOPOS |b FDOPOS |d 2019-11-20 |i 3396932 |o 616.855 OST 1994 |p 3396932 |r 2025-01-22 |w 2019-11-20 |y BK |k MLA | ||
| 952 | |0 0 |1 0 |3 erb |4 0 |6 616_855000000000000_OST_1994 |7 0 |8 A |9 298678 |a BIBEDU |b BIBEDU |i 5365430 |o 616.855 OST 1994 |p 5365430 |r 2019-11-20 |w 2019-11-20 |y BK |z Catalogado en:20170317 |k EDI | ||
| 952 | |0 0 |1 0 |3 erb |4 0 |6 616_855000000000000_OST_1994 |7 0 |8 A |9 298679 |a BIBEDU |b BIBEDU |i 5365422 |o 616.855 OST 1994 |p 5365422 |r 2019-11-20 |w 2019-11-20 |y BK |z Catalogado en:20170317 |k EDI | ||